000 00448nam a2200181Ia 4500
001 4890
005 20260306145828.0
008 260306t1987||||xx |||||||||||||| ||spa||
041 _aESP
082 _a331.018532
_bCH535
100 _aChávez O'brien, Eliana
_eAUT
245 0 _aEl mercado laboral en la ciudad de Arequipa
260 _c1987
300 _a190 páginas :
_c20 cm.
650 _aGEN
654 _aCAN
942 _cLIB
_dJUS
_fJUS
_2ddc
_n
999 _c4890
_d4890